000 00975nam a2200265Ia 4500
003 OSt
005 20220923211610.0
006 a|||||r|||| 00| 0
007 ta
008 220922b |||||||| |||| 00| 0 hin d
020 _a9789388753128 (hbk)
_c595
024 _a348,840
037 _bBR/7231, 19/02/2019, Rajkamal Prakashan Pvt. Ltd
_cTextual
040 _aARTS
_cARTS
_bhin
041 _2hin
_ahin
082 _aN44wN28, 152Q9
100 _aशुक्ल, प्रयाग, ले.
_9156349
245 0 _aस्वामीनाथन
_b एक जीवनी
246 _aSvāmīnāthana: ek jīvanī
260 _aनयी दिल्ली
_b राजकमल प्रकाशन
_c2019
300 _a175पृ.
_ccm.
650 _aललित कला
_9156314
942 _hN44wN28, 152Q9
_cTEXL
_2CC
999 _c301216
_d301216